000
00299nam a2200121Ia 4500
008
220204s9999 xx 000 0 und d
082
_a
621.9
_b
BUR
100
_a
Burghardt, Henry D
245
0
_a
Machine tool operation. Pt 1
250
_a
Ed.5
260
_a
New York
_b
McGraw hill
_c
1959
942
_c
BK
999
_c
24057
_d
24057